Statistics for 3 and 4 Letter Birds

Click here to take the quiz!

General Stats

  • This quiz has been taken 20,601 times
    (18,959 since last reset)
  • The average score is 10 of 45

Answer Stats

Bird% Correct
Gull
64%
Crow
61%
Hawk
59%
Duck
58%
Owl
54%
Dove
53%
Emu
53%
Jay
47%
Tit
46%
Swan
43%
Wren
43%
Kiwi
34%
Tern
30%
Auk
27%
Lark
26%
Ibis
23%
Loon
22%
Kite
19%
Coot
16%
Rhea
16%
Rook
16%
Teal
12%
Erne
11%
Kea
11%
Ani
9%
Nene
9%
Kaka
7%
Rail
7%
Shag
7%
Skua
7%
Guan
6%
Lory
6%
Tui
6%
Chat
5%
Myna
5%
Kagu
4%
Knot
4%
L'iwi
4%
Ruff
4%
Smew
4%
Sora
4%
Koel
3%
Coua
2%
Inca
2%
Iora
2%

Score Distribution

Percentile by Number Answered

Percent of People with Each Score

Your Score History

You have not taken this quiz since the last reset